<?xml version="1.0" encoding="UTF-8"?>
<record
    xmlns:xsi="http://www.w3.org/2001/XMLSchema-instance"
    xsi:schemaLocation="http://www.loc.gov/MARC21/slim http://www.loc.gov/standards/marcxml/schema/MARC21slim.xsd"
    xmlns="http://www.loc.gov/MARC21/slim">

  <leader>00917nab a2200265uuc4500</leader>
  <controlfield tag="001">1311290</controlfield>
  <controlfield tag="005">20260313100542.0</controlfield>
  <controlfield tag="008">130117e20040813                    spa  </controlfield>
  <datafield tag="035" ind1=" " ind2=" ">
    <subfield code="a">1311290</subfield>
  </datafield>
  <datafield tag="040" ind1=" " ind2=" ">
    <subfield code="c">comduadb</subfield>
  </datafield>
  <datafield tag="041" ind1=" " ind2=" ">
    <subfield code="a">spa</subfield>
  </datafield>
  <datafield tag="100" ind1="1" ind2="0">
    <subfield code="a">Barrios V&#xE1;squez, Alvaro</subfield>
    <subfield code="4">aut</subfield>
    <subfield code="e">aut</subfield>
    <subfield code="9">436580</subfield>
  </datafield>
  <datafield tag="245" ind1="1" ind2="3">
    <subfield code="a">La pintura figurativa</subfield>
  </datafield>
  <datafield tag="650" ind1=" " ind2="7">
    <subfield code="a">Artes</subfield>
    <subfield code="x">Cr&#xED;tica e interpretaci&#xF3;n</subfield>
    <subfield code="2">lemb</subfield>
    <subfield code="9">147087</subfield>
  </datafield>
  <datafield tag="650" ind1=" " ind2=" ">
    <subfield code="a">Pintura - Critica</subfield>
    <subfield code="9">44055</subfield>
  </datafield>
  <datafield tag="650" ind1=" " ind2="7">
    <subfield code="a">Pintura colombiana</subfield>
    <subfield code="2">lemb</subfield>
    <subfield code="9">1076</subfield>
  </datafield>
  <datafield tag="650" ind1=" " ind2=" ">
    <subfield code="a">Pintura figurativa</subfield>
    <subfield code="9">109257</subfield>
  </datafield>
  <datafield tag="700" ind1="1" ind2="0">
    <subfield code="a">Ospina, Nadin</subfield>
    <subfield code="4">aut</subfield>
    <subfield code="e">aut</subfield>
    <subfield code="9">420182</subfield>
  </datafield>
  <datafield tag="700" ind1="1" ind2="0">
    <subfield code="a">V&#xE1;squez, Samuel,</subfield>
    <subfield code="d">1949-</subfield>
    <subfield code="4">aut</subfield>
    <subfield code="e">aut</subfield>
    <subfield code="9">757866</subfield>
  </datafield>
  <datafield tag="700" ind1="1" ind2="0">
    <subfield code="a">Opazo, Mario</subfield>
    <subfield code="4">aut</subfield>
    <subfield code="e">aut</subfield>
    <subfield code="9">463814</subfield>
  </datafield>
  <datafield tag="700" ind1="1" ind2="0">
    <subfield code="a">Gonz&#xE1;lez, Carlos Alberto</subfield>
    <subfield code="4">aut</subfield>
    <subfield code="e">aut</subfield>
    <subfield code="9">282633</subfield>
  </datafield>
  <datafield tag="700" ind1="1" ind2="0">
    <subfield code="a">Jaramillo, Maria de la Paz</subfield>
    <subfield code="4">aut</subfield>
    <subfield code="e">aut</subfield>
    <subfield code="9">335912</subfield>
  </datafield>
  <datafield tag="773" ind1="0" ind2=" ">
    <subfield code="t">Mundo (Bogot&#xE1;)</subfield>
    <subfield code="g">N&#xFA;mero 13, Agosto 13, 2004, p. 52-59</subfield>
    <subfield code="w">918266</subfield>
    <subfield code="z">75716578546</subfield>
    <subfield code="0">339903</subfield>
  </datafield>
  <datafield tag="942" ind1=" " ind2=" ">
    <subfield code="c">ARIMP</subfield>
  </datafield>
  <datafield tag="999" ind1=" " ind2=" ">
    <subfield code="c">643793</subfield>
    <subfield code="d">643793</subfield>
  </datafield>
</record>
